Statistiques concernant Roys de France capétiens (3ème partie)

Cliquez ici pour prendre le quiz!

Statistiques générales

  • Ce quiz a été pris 25 fois
  • Le résultat moyen est 13 sur 15

Statistiques - réponses

Réponse% Correct
Louis XIV
100%
Louis XV
100%
Louis XVI
100%
Louis XVII
96%
Charles X
91%
Henri II
91%
Henri III
91%
Henri IV
91%
Louis XIII
91%
Louis XVIII
91%
François Ier
83%
François II
83%
Charles IX
74%
Louis-Philippe Ier
61%
Louis XIX
43%

Distribution des résultats

Percentile par nombre de réponses

% des personnes avec chaque résultat

Votre développement - résultats

Vous n’avez pas pris ce quiz